000 01257nam a2200313 a 4500
001 ebr10014913
003 CaPaEBR
006 m u
007 cr cn|||||||||
008 990317s2000 enk sb 001 0 eng
010 _z 99024432
020 _z0521590612
040 _aCaPaEBR
_cCaPaEBR
035 _a(OCoLC)52740092
050 1 4 _aD159
_b.C77 2000eb
082 0 4 _a909.07
_221
245 0 0 _aCrusade propaganda and ideology
_h[electronic resource] :
_bmodel sermons for the preaching of the cross /
_c[compiled by] Christoph T. Maier.
260 _aCambridge ;
_aNew York :
_bCambridge University Press,
_c2000.
300 _aviii, 280 p.
500 _aSermons in Latin with English transaltions.
504 _aIncludes bibliographical references and index.
533 _aElectronic reproduction.
_bPalo Alto, Calif. :
_cebrary,
_d2013.
_nAvailable via World Wide Web.
_nAccess may be limited to ebrary affiliated libraries.
650 0 _aCrusades
_xPropaganda.
650 0 _aCrusades
_vSermons.
655 7 _aElectronic books.
_2local
700 1 _aMaier, Christoph T.
710 2 _aebrary, Inc.
856 4 0 _uhttp://site.ebrary.com/lib/rucke/Doc?id=10014913
_zAn electronic book accessible through the World Wide Web; click to view
999 _c11208
_d11208